Central Library OPAC University of Rajshahi

Strategies for business and technical writing / (Record no. 14438)

MARC details
000 -LEADER
fixed length control field 00824cam a2200277 i 4500
001 - CONTROL NUMBER
control field 14438
003 - CONTROL NUMBER IDENTIFIER
rucl marc code BD-RjUL
005 - DATE AND TIME OF LATEST TRANSACTION
control field 20211208235628.0
008 - FIXED-LENGTH DATA ELEMENTS--GENERAL INFORMATION
fixed length control field 140206s1980 nyua b 000 0 eng
020 ## - INTERNATIONAL STANDARD BOOK NUMBER
International Standard Book Number 0155839241
035 ## - SYSTEM CONTROL NUMBER
System control number (BD-RjUL)14490
040 ## - CATALOGING SOURCE
Original cataloging agency DLC
Transcribing agency DLC
Modifying agency DLC
-- BD-RjUL
Language of cataloging eng
041 ## - LANGUAGE CODE
Language code of text/sound track or separate title eng
082 00 - DEWEY DECIMAL CLASSIFICATION NUMBER
Classification number 808.066651
Edition number 19
Author mark and year HAS 1980
100 1# - MAIN ENTRY--PERSONAL NAME
Personal name Harty, Kevin J.
9 (RLIN) 45026
245 10 - TITLE STATEMENT
Title Strategies for business and technical writing /
Statement of responsibility, etc. Kevin J. Harty.
260 ## - PUBLICATION, DISTRIBUTION, ETC. (IMPRINT)
Place of publication, distribution, etc. New York :
Name of publisher, distributor, etc. Harcourt Brace Jovanovich,
Date of publication, distribution, etc. c1980.
300 ## - PHYSICAL DESCRIPTION
Pagination xv, 285 p. :
Illustrations ill. ;
Size 24 cm.
504 ## - BIBLIOGRAPHY, ETC. NOTE
Bibliography, etc Bibliography: p. 270-285.
650 #0 - SUBJECT ADDED ENTRY--TOPICAL TERM
Topical term or geographic name as entry element Commercial correspondence.
9 (RLIN) 43436
Topical term or geographic name as entry element Business report writing.
9 (RLIN) 45027
Topical term or geographic name as entry element Technical writing.
9 (RLIN) 1839
942 ## - ADDED ENTRY ELEMENTS (KOHA)
Source of classification or shelving scheme Dewey Decimal Classification
Koha item type Books
Holdings
Lost status Source of classification or shelving scheme Damaged status Not for loan Collection code Permanent Location Current Location Shelving location Date acquired Source of acquisition Total Checkouts Full call number Date last seen Copy number Koha item type
  Dewey Decimal Classification   Not For Loan Non-fiction Central Library, University of Rajshahi Central Library, University of Rajshahi Reading Room 28/08/1989 Asia Foundation   808.066651 HAS 1980 06/02/2014 C-1 Books